Bill /

Shranjeno v:
Bibliografske podrobnosti
Glavni avtor: Humphreys, Helen (Author)
Drugi avtorji: Brovelli, Chiara (Translator)
Format: Knjiga
Jezik:italijanščina
Izdano: Roma : Playground, 2020
Serija:Playground libri
Oznake: Označite
Brez oznak, prvi označite!

MARC

LEADER 00000nam a22000007i 4500
001 IT\ICCU\LO1\1801598
003 ItRI
005 20260115232209.0
008 201105s2020 it |||||| ||||| |||||c
020 |a 9788899452377 
040 |b ita  |c importazione bologna sebina 
041 7 |a ita  |2 ISO-639-2 
082 |a 813.6  |9 NARRATIVA AMERICANA IN LINGUA INGLESE, 2000-  |2 23 
100 1 |a Humphreys, Helen  |0 IT\ICCU\LO1V\183451  |4 aut 
240 1 0 |a Rabbit foot Bill  |3 IT\ICCU\LO1\1801600  |9 Humphreys, Helen 
245 1 0 |a Bill /  |c Helen Humphreys ; traduzione di Chiara Brovelli. 
260 |a Roma :  |b Playground,  |c 2020 
300 |a 216 p. ;  |c 20 cm 
700 1 |a Brovelli, Chiara  |0 IT\ICCU\MILV\214449  |4 trl 
830 0 |a Playground libri  |0 IT\ICCU\TO0\2065119 
942 |2 ddc  |c BK  |n 0 
952 |0 0  |1 0  |4 0  |6 L_813_600000000000000_HUM  |7 0  |9 21786  |a BO  |b BO  |d 2026-01-15  |i 19448  |l 0  |o L 813.6 HUM  |p BO19448  |r 2026-01-15 23:22:09  |w 2026-01-15  |x [Sebina 5] [1 v.]  |y BK  |z 1 v. 
999 |c 18615  |d 18615